000 01405nam0a2200349 4500
001 RU\NLR\bibl\1457490
005 20260405192843.0
010 _a978-5-9985-0324-5
_97000
021 _aRU
_b2009-89702
_95648
035 _a(nilc)RSL-KNO-004408225
035 _a(NLR Aleph) 001449279
090 _a1512713
_c1512713
100 _a20091105d2009 |||y0rusy50 ca
101 1 _arus
_cger
102 _aRU
105 _aa |||||||||
200 1 _aБарни и щенок-задира
_e[сказки
_eдля младшего школьного возраста]
_fХанс де Беер
_g[пер. с нем. Марины Кореневой
_gил. Ханса де Беера]
210 _aСанкт-Петербург
_cАзбука-классика
_d2009
215 _a52, [3] с.
_cцв. ил.
_d27
225 1 _aВеселые малыши
686 _aШ9(2)70(4Г)
_2rubbk
686 _aШ9(4Н)60-4
700 1 _4070
_8rus
_7ca
_aБеер
_bХ. де
_cписатель, художник
_f1957-
_gХанс де
_3RU\NLR\AUTH\7784721
_967649
702 1 _4040
_8rus
_7ca
_aБеер
_bХ. де
_cписатель, художник
_f1957-
_gХанс де
_3RU\NLR\AUTH\7784721
_967649
801 0 _aRU
_bРКП
_c20091105
_grcr
801 1 _aRU
_bРГБ
_c20091105
801 2 _aRU
_bNLR
_c20091225
_grcr
942 _cBOOK
980 _aNB